<?xml version="1.0" encoding="UTF-8"?><?xml-stylesheet type="text/xsl" href="static/style.xsl"?><OAI-PMH xmlns="http://www.openarchives.org/OAI/2.0/" xmlns:xsi="http://www.w3.org/2001/XMLSchema-instance" xsi:schemaLocation="http://www.openarchives.org/OAI/2.0/ http://www.openarchives.org/OAI/2.0/OAI-PMH.xsd"><responseDate>2026-06-06T19:13:59Z</responseDate><request verb="GetRecord" identifier="oai:riuma.uma.es:10630/40630" metadataPrefix="marc">https://riuma.uma.es/rest/oai/request</request><GetRecord><record><header><identifier>oai:riuma.uma.es:10630/40630</identifier><datestamp>2026-02-03T11:27:23Z</datestamp><setSpec>com_10630_2254</setSpec><setSpec>col_10630_37953</setSpec></header><metadata><record xmlns="http://www.loc.gov/MARC21/slim" xmlns:dcterms="http://purl.org/dc/terms/" xmlns:doc="http://www.lyncode.com/xoai" xmlns:xsi="http://www.w3.org/2001/XMLSchema-instance" xsi:schemaLocation="http://www.loc.gov/MARC21/slim http://www.loc.gov/standards/marcxml/schema/MARC21slim.xsd">
   <leader>00925njm 22002777a 4500</leader>
   <datafield ind2=" " ind1=" " tag="042">
      <subfield code="a">dc</subfield>
   </datafield>
   <datafield ind2=" " ind1=" " tag="720">
      <subfield code="a">Macías-Villalobos, Cristóbal</subfield>
      <subfield code="e">author</subfield>
   </datafield>
   <datafield ind2=" " ind1=" " tag="260">
      <subfield code="c">2023</subfield>
   </datafield>
   <datafield ind2=" " ind1=" " tag="520">
      <subfield code="a">El Somnium de Justo Lipsio supuso la recuperación del género de la sátira menipea por el humanismo renacentista, siguiendo el modelo de la Apocolocyntosis de Séneca. Una de sus características es el amplio uso que hace de las fuentes clásicas, especialmente latinas, pero también algunas griegas, en forma de citas más o menos literales, un gran número de loci similes y otras referencias de carácter más genérico, que Lipsio emplea con finalidad diversa. En este artículo, después de contextualizar el Somnium de Lipsio en su época y exponer brevemente su tema y estructura, hacemos un recuento de las fuentes que emplea y con qué objeto.</subfield>
   </datafield>
   <datafield ind1="8" ind2=" " tag="024">
      <subfield code="a">Macías Villalobos, Cristóbal (2023): "El Somnium de Justo Lipsio: la presencia de las fuentes clásicas y su uso", Studia Philologica Valentina, vol. 25, n.s. 22: 185-204</subfield>
   </datafield>
   <datafield ind1="8" ind2=" " tag="024">
      <subfield code="a">https://hdl.handle.net/10630/40630</subfield>
   </datafield>
   <datafield ind1="8" ind2=" " tag="024">
      <subfield code="a">10.7203/SPhV.25.26214</subfield>
   </datafield>
   <datafield tag="653" ind2=" " ind1=" ">
      <subfield code="a">Lipsius, Justus (1547-1606) - Crítica e interpretación</subfield>
   </datafield>
   <datafield tag="653" ind2=" " ind1=" ">
      <subfield code="a">Sátira</subfield>
   </datafield>
   <datafield ind2="0" ind1="0" tag="245">
      <subfield code="a">El Somnium de Justo Lipsio: la presencia de las fuentes clásicas y su uso</subfield>
   </datafield>
</record>
</metadata></record></GetRecord></OAI-PMH>